Agro Informatics (Record no. 5604)

MARC details
000 -LEADER
fixed length control field 00357nam a22001457a 4500
005 - DATE AND TIME OF LATEST TRANSACTION
control field 20170925144544.0
008 - FIXED-LENGTH DATA ELEMENTS--GENERAL INFORMATION
fixed length control field 170925b xxu||||| |||| 00| 0 eng d
020 ## - INTERNATIONAL STANDARD BOOK NUMBER
ISBN 978-93-80935-71-4
041 ## - LANGUAGE CODE
Language code of text/sound track or separate title eng
100 ## - MAIN ENTRY--AUTHOR NAME
Personal name Vanitha,G.and Kalpana,M
245 ## - TITLE STATEMENT
Title Agro Informatics
260 ## - PUBLICATION, DISTRIBUTION, ETC. (IMPRINT)
Name of publisher New India publishing Agency
Year of publication 2011
300 ## - PHYSICAL DESCRIPTION
Number of Pages 241
942 ## - ADDED ENTRY ELEMENTS (KOHA)
Koha item type Books
Holdings
Lost status Damaged status Collection code Home library Current library Shelving location Date acquired Source of acquisition Cost, normal purchase price Full call number Accession Number Koha item type
    AGRICULTURE JRU Library JRU Library SHELF-2-C 25/09/2017 Purchase 1500.00 631.007 22086 Books